Movilización campesina en Veracruz: 1920 - 1938

Gespeichert in:
Bibliographische Detailangaben
1. Verfasser: Fowler Salamini, Heather
Format: Text
Veröffentlicht: México, D.F: Siglo XXI
Tags: Tag hinzufügen
Keine Tags, Fügen Sie den ersten Tag hinzu!

MARC

LEADER 00000 a a2200000 04500
001 22574
003
040 |a CRAI/IIS  |c CRAI/IIS 
020 |a 968-23-0529-2  
090 |a 154600  
100 |a Fowler Salamini, Heather  
245 |a Movilización campesina en Veracruz: 1920 - 1938  
260 |a México, D.F:   |b Siglo XXI  
300 |a 225 p   |b **no definido**   |b map.  
999 |c 17009  |d 17009